000 01609nam a22004097a 4500
001 0054547
003 KOHA_MİRAKIL
005 20260207003949.0
007 ta
008 160106b2006 tu |||gr||||#||||1|tur |
020 _a975720773X
040 _aTR-BiSEU
_btur
_cTR-BiSEU
_erda
041 0 _atur
044 _ctu
050 _aP87.2
_b.S95 2006
245 1 _aSymposium International d'Imagologie :
_bLes Modalites de la perception dans Les represantations de l'alterite =Uluslararası imgebilim sempozyumu :
_b"öteki"nin sunumunda algılama ,26-28 Avril 2004 Muğla-Turquie/
_cEditör Serhat Ulağlı.
246 _aSymposium International d'Imagologie ( 2004: Mugla, Turquie)
264 1 _aMuğla :
_bMuğla Üniversitesi
_c2006
300 _a2 c.; cm.
336 _ametin
_btxt
_2rdacontent
337 _aaracısız
_bn
_2rdamedia
338 _acilt
_bnc
_2rdacarrier
490 1 _aMuğla Üniversitesi yayınları ;
_v77.
490 1 _aRektörlük yayınları ;
_v55.
500 _aBibliyografya var.
650 0 _aİletişim--Kongreler.
_918939
650 0 _aCommunication--Congresses.
_911594
650 0 _aGöstergebilim--Kongreler.
_9101320
650 0 _aSemiotics--Congresses.
_9101321
650 0 _aKültürlerarası iletişim--Kongreler.
_9101322
650 0 _aIntercultural communication--Congresses.
_9101323
650 0 _aKitle iletişim araçları ve kültür--Kongreler.
_9101324
650 0 _aMass media and culture--Congresses.
_9101325
830 1 _aMuğla Üniversitesi yayınları ;
_v77.
_912706
830 1 _aRektörlük yayınları ;
_v55.
_912707
942 _2lcc
_cBK
999 _c54355
_d54355